00826nam a22001937a 4500003000900000008004100009040007100050082002000121100002600141245001800167260004600185300002800231505026800259650002300527650001600550650001000566650002800576710002800604AR-CdUCM190225b ||||| |||| 00| 0 spa d aMUNICIPALIDAD PROVINCIAL DEL CUSCOcBIBLIOTECA MUNICIPAL DEL CUSCO a985.612 /bAN61 aAngles Vargas, Victor aSaqsaywaman / aCusco: bMunicipalidad del Cusco, c1986. a134 páginas ;c20 cm. aContenido: El parque arqueológico de Saqsaywaman -- Los constructores de Saqsaywaman -- Los torreones de Saqsaywaman -- Las puertas de Saqsaywaman -- Saqsaywaman fue Real Casa del Sol y no fortaleza -- Cusco tenía forma de puma, cuya cabeza era Saqsaywaman... aHistoria del Cusco aSaqsaywaman aIncas aCentros arqueológicos aMunicipalidad del Cusco